• 首页
  • 本馆介绍
  • 公告通知
  • 最新文献
  • 馆藏检索
  • 电子资源
  • 读者导购
  • 参考咨询
  • 我的图书馆
  • 登录
  • 详细信息显示
  • 放入我的书架
  • 预约/预借图书
  • 作者相关作品
  • 分类相关作品
  • 丛书相关作品
  • 出版社相关作品

书目信息

  • 表格格式
  • 工作单格式
  • 卡片格式
题名:
EDA技术项目化教程
    
 
作者: 贾德旺 主编
分册:  
出版信息: 长春   东北师范大学出版社  2016.1
页数: 318页
开本: 26cm
丛书名:
单 册:
中图分类: TN702.2
科图分类:
主题词: 电子电路--计算机辅助设计--应用软件--职业教育--教材
电子资源:
ISBN: 978-7-5681-1639-8
000 00903nam0 2200241 450
001 0400001904
005 20171019191607.0
010    @a978-7-5681-1639-8@dCNY43.00
100    @a20170427d2016 em y0chiy50 ea
101 0  @achi
102    @aCN@b220000
105    @ay z 000yy
106    @ar
200 1  @aEDA技术项目化教程@9EDA ji shu xiang mu hua jiao cheng@f贾德旺主编
210    @a长春@c东北师范大学出版社@d2016.1
215    @a318页@d26cm
300    @a“十二五”职业教育改革创新示范教材
330    @a本书内容编排了八个基本项目(Quartus Ⅱ软件安装、全加器、比较器、4选1数据选择器、D触发器、译码器、序列检测器、计数器),涵盖了EDA设计输入法中的原理图输入方式、VHDL语言输入方式、状态图输入方式。
606 0  @a电子电路@x计算机辅助设计@x应用软件@x职业教育@j教材
690    @aTN702.2@v5
701  0 @a贾德旺@9jia de wang@4主编
801  0 @aCN@b91MARC@c20171019
905    @b1030955-9@dTN702.2@f5@e328
    
    EDA技术项目化教程/贾德旺主编.-长春:东北师范大学出版社,2016.1
    318页;26cm
    “十二五”职业教育改革创新示范教材
    
    ISBN 978-7-5681-1639-8:CNY43.00
    本书内容编排了八个基本项目(Quartus Ⅱ软件安装、全加器、比较器、4选1数据选择器、D触发器、译码器、序列检测器、计数器),涵盖了EDA设计输入法中的原理图输入方式、VHDL语言输入方式、状态图输入方式。
●
相关链接 在E读中查询图书 在五车中查询图书 在当当中查询图书 在豆瓣中查询图书


正题名:EDA技术项目化教程     索取号:TN702.2/328         预约/预借

序号 登录号 条形码 馆藏地/架位号 状态 备注
1 1030955   210309557   第二样本阅览室/ [索取号:TN702.2/328] 在馆    
2 1030956   210309566   密集书库-物理学院/ [索取号:TN702.2/328] 在馆    
3 1030957   210309575   第三借阅区/ [索取号:TN702.2/328] 在馆    
4 1030958   210309584   第三借阅区/ [索取号:TN702.2/328] 在馆    
5 1030959   210309593   第三借阅区/ [索取号:TN702.2/328] 在馆    
唐山师范学院图书馆 欢迎您!
大连网信软件有限公司© 版权所有